CA-Clipper Programming and Utilities Guide/ (Record no. 202903)

MARC details
000 -LEADER
fixed length control field 00556 a2200193 4500
005 - DATE AND TIME OF LATEST TRANSACTION
control field 20240516144030.0
010 ## - LCCN (DPL NO)
LC control number B-759074
020 ## - INTERNATIONAL STANDARD BOOK NUMBER
International Standard Book Number 005511035017
035 ## - SYSTEM CONTROL NUMBER
System control number B-759074
037 ## - SOURCE OF ACQUISITION
Source of stock number/acquisition Gift/Unesco
082 ## - DEWEY DECIMAL CLASSIFICATION NUMBER
Classification number 005.133
245 ## - TITLE STATEMENT
Title CA-Clipper Programming and Utilities Guide/
260 ## - PUBLICATION, DISTRIBUTION, ETC. (IMPRINT)
Place of publication, distribution, etc New York
Name of publisher, distributor, etc Computer Associates International ,inc
Date of publication, distribution, etc 1995
270 ## - ADDRESS
Address New York
City New York
300 ## - PHYSICAL DESCRIPTION
Extent 353p.
Dimensions 23cm (Pb)
700 ## - ADDED ENTRY--PERSONAL NAME
9 (RLIN) 66089
942 ## - ADDED ENTRY ELEMENTS (KOHA)
Institution code [OBSOLETE] dpl
Item type English Books
Source of classification or shelving scheme Dewey Decimal Classification
Classification part 005.133
Call number suffix CAC
Holdings
Withdrawn status Lost status Not for loan Collection code Home library Current library Date acquired Source of acquisition Full call number Barcode Copy number Koha item type Public note
      Non-fiction Ashok Vihar Ashok Vihar 16/05/2024 Gift/10.5.24 005.133 CAC B-759074 1 English Books Gift

© Delhi Public Library
Hit Counter
free hit counter